LGBT+ : Archives des mouvements LGBT+ : Une histoire de luttes de 1890 à nos jours /

Uloženo v:
Podrobná bibliografie
Hlavní autor: Idier, Antoine
Médium: Kniha
Jazyk:francouzština
Vydáno: Paris : Textuel, 2018
Tagy: Přidat tag
Žádné tagy, Buďte první, kdo vytvoří štítek k tomuto záznamu!

MARC

LEADER 00000nam a22000007i 4500
001 IT\ICCU\UBO\4360419
003 ItRI
005 20260115232019.0
008 190218s2018 fr |||||| ||||| |||||c
020 |a 9782845976979 
040 |b ita  |c importazione bologna sebina 
041 7 |a fre  |2 ISO-639-2 
100 1 |a Idier, Antoine  |0 IT\ICCU\UBOV\465010 
245 1 0 |a LGBT+ :  |b Archives des mouvements LGBT+ : Une histoire de luttes de 1890 à nos jours /  |c Antoine Idier. 
260 |a Paris :  |b Textuel,  |c 2018 
300 |a 255 p. :  |b ill. ;  |c 28 cm 
500 |a In quarta di copertina: Avec le soutien de MGEN, Groupe Vyv. 
942 |2 ddc  |c BK  |n 0 
952 |0 0  |1 0  |4 0  |6 DOC_306_766000000000000_IDI  |7 0  |9 18899  |a BO  |b BO  |d 2026-01-15  |i 19004  |l 0  |o DOC 306.766 IDI  |p BO19004  |r 2026-01-15 23:20:19  |w 2026-01-15  |x [Sebina 7] [1 v.]  |y BK  |z 1 v. 
999 |c 16058  |d 16058